000 00266nam a2200109Ia 4500
005 20260328101453.0
008 260328s9999||||xx |||||||||||||| ||und||
245 0 _aIittala :
_b Designed to be combined /
300 _a66 p.
650 _aDISEÑO INDUSTRIAL
942 _cBK
999 _c8754
_d8754